[Event "Pozarevac Rudar 16th"]
[Site "Pozarevac"]
[Date "2023.08.14"]
[Round "4"]
[White "Petrovic, Aleksa"]
[Black "Korelskiy, Egor"]
[Result "1/2-1/2"]
[WhiteElo "2262"]
[BlackElo "2144"]
[PlyCount "83"]
[EventDate "2023.08.11"]
[EventType "tourn"]
[EventRounds "9"]
[EventCountry "SRB"]
[EventCategory "1"]
[SourceTitle "EXT 2024"]
[Source "ChessBase"]
[SourceDate "2023.10.10"]
[SourceVersion "1"]
[SourceVersionDate "2023.10.10"]
[SourceQuality "1"]

1. Nf3 d5 2. g3 Bg4 3. Bg2 Nd7 4. 0-0 c6 5. h3 Bxf3 6. Bxf3 Ngf6 7. d3 e6 8. Nd2 Bd6 9. e4 0-0 10. Qe2 Re8 11. Bg2 e5 12. a4 Qc7 13. Nb1 Rad8 14. Nc3 dxe4 15. Nxe4 Nxe4 16. dxe4 Nc5 17. Qc4 Ne6 18. c3 a5 19. Kh1 b6 20. Bf3 Qb7 21. Be2 Nc5 22. Be3 Ne6 23. Rae1 Bc5 24. Bc1 Bf8 25. Kh2 Rb8 26. Bd1 Nc5 27. Qe2 b5 28. axb5 cxb5 29. Bc2 b4 30. Rd1 Rbd8 31. Qc4 b3 32. Bb1 a4 33. Be3 Qa6 34. Qxa6 Nxa6 35. Bd3 Nc5 36. Bb5 Rxd1 37. Rxd1 Ra8 38. Ra1 a3 39. bxa3 b2 40. Rb1 Rxa3 41. Rxb2 Rxc3 42. Bxc5 1/2-1/2

[Event "Pozarevac Rudar 16th"]
[Site "Pozarevac"]
[Date "2023.08.12"]
[Round "2"]
[White "Petrovic, Aleksa"]
[Black "Rajkovic, Aleksandar"]
[Result "1-0"]
[WhiteElo "2262"]
[BlackElo "2163"]
[PlyCount "63"]
[EventDate "2023.08.11"]
[EventType "tourn"]
[EventRounds "9"]
[EventCountry "SRB"]
[EventCategory "1"]
[SourceTitle "EXT 2024"]
[Source "ChessBase"]
[SourceDate "2023.10.10"]
[SourceVersion "1"]
[SourceVersionDate "2023.10.10"]
[SourceQuality "1"]

1. d4 Nf6 2. Nf3 e6 3. g3 d5 4. Bg2 Be7 5. c4 0-0 6. 0-0 b6 7. Nc3 Bb7 8. cxd5 Nxd5 9. Qc2 Nxc3 10. bxc3 c5 11. Ng5 Bxg5 12. Bxb7 Bxc1 13. Raxc1 Nd7 14. Bxa8 Qxa8 15. e4 e5 16. dxe5 Nxe5 17. f4 Nc4 18. Qe2 b5 19. e5 Qd5 20. Rcd1 Qe6 21. Rde1 f6 22. exf6 Qxe2 23. Rxe2 Rxf6 24. Re7 Rf7 25. Rfe1 a5 26. Re8+ Rf8 27. Kf2 Na3 28. Rxf8+ Kxf8 29. Re5 c4 30. Ke3 Kf7 31. Kd2 b4 32. Kc1 1-0

[Event "Pozarevac Rudar 15th"]
[Site "Pozarevac"]
[Date "2023.08.06"]
[Round "5"]
[White "Ilijic, Mihajilo"]
[Black "Petrovic, Aleksa"]
[Result "1/2-1/2"]
[WhiteElo "2138"]
[BlackElo "2262"]
[PlyCount "212"]
[EventDate "2023.08.03"]
[EventType "tourn"]
[EventRounds "9"]
[EventCountry "SRB"]
[EventCategory "1"]
[SourceTitle "CBM 215 Extra"]
[Source "ChessBase"]
[SourceDate "2023.09.30"]
[SourceVersion "1"]
[SourceVersionDate "2023.09.30"]
[SourceQuality "1"]

1. e4 c6 2. d4 g6 3. Nc3 d5 4. h3 Bg7 5. Nf3 dxe4 6. Nxe4 Nd7 7. Bc4 Ngf6 8. Nxf6+ Nxf6 9. 0-0 0-0 10. Bf4 Nd5 11. Bg3 Nb6 12. Bb3 Bf5 13. Re1 h6 14. c3 g5 15. h4 e6 16. hxg5 hxg5 17. Qd2 Bf6 18. Be5 Bxe5 19. Rxe5 Nd7 20. Ree1 g4 21. Nh2 Qh4 22. Qf4 Kg7 23. Qg3 Rh8 24. Qxh4 Rxh4 25. f3 Rah8 26. Nxg4 Bxg4 27. fxg4 Rxg4 28. Bd1 Rgh4 29. Bf3 Nf6 30. Kf2 R8h6 31. a4 Ne8 32. a5 a6 33. Re5 Rh1 34. Ree1 Rxe1 35. Rxe1 Nd6 36. Ke2 Rg6 37. Kd3 Nf5 38. Kc4 Kf6 39. Kc5 Rg5 40. Kb6 Nd6 41. b4 Ke7 42. Rh1 Kd7 43. Rh8 Rb5+ 44. Ka7 Kc7 45. Rg8 e5 46. Be2 Rd5 47. Bf3 e4 48. Be2 Rf5 49. c4 Rf2 50. Bg4 f5 51. Rg7+ Kc8 52. Bh5 Rb2 53. Rg8+ Kd7 54. c5 Nb5+ 55. Kxb7 Nxd4 56. Kxa6 Rxb4 57. Rf8 e3 58. Rf7+ Ke6 59. Rb7 Nb5 60. Bf3 Rb2 61. Rb6 e2 62. Bxe2 Rxe2 63. Kb7 Rxg2 64. Kxc6 Nd4+ 65. Kb7+ Ke7 66. c6 Rc2 67. a6 Ne6 68. a7 Ra2 69. a8Q Nc5+ 70. Kb8 Rxa8+ 71. Kxa8 Kd6 72. Kb8 Na4 73. Rb5 Kxc6 74. Rxf5 Nb6 75. Rf6+ Kc5 76. Kb7 Nd5 77. Rc6+ Kd4 78. Rc1 Nb4 79. Kb6 Nd5+ 80. Kc6 Nb4+ 81. Kb5 Nd3 82. Rc4+ Kd5 83. Rc8 Ne5 84. Rd8+ Ke4 85. Kc5 Nd3+ 86. Kc4 Ne5+ 87. Kc3 Nc6 88. Rd6 Ne5 89. Rd4+ Kf5 90. Rd1 Ke4 91. Rd6 Nf3 92. Rd1 Ne5 93. Rd4+ Kf5 94. Ra4 Nc6 95. Kc4 Ke5 96. Kc5 Nd8 97. Ra6 Ne6+ 98. Kc4 Kf5 99. Ra5+ Ke4 100. Ra1 Ke5 101. Re1+ Kf5 102. Kd5 Nf4+ 103. Kd6 Ng2 104. Re5+ Kf4 105. Re8 Ne3 106. Rxe3 Kxe3 1/2-1/2

[Event "Pozarevac Rudar 15th"]
[Site "Pozarevac"]
[Date "2023.08.06"]
[Round "4"]
[White "Petrovic, Aleksa"]
[Black "Tenuunbold, Battulga"]
[Result "0-1"]
[WhiteElo "2262"]
[BlackElo "2203"]
[PlyCount "110"]
[EventDate "2023.08.03"]
[EventType "tourn"]
[EventRounds "9"]
[EventCountry "SRB"]
[EventCategory "1"]
[SourceTitle "CBM 215 Extra"]
[Source "ChessBase"]
[SourceDate "2023.09.30"]
[SourceVersion "1"]
[SourceVersionDate "2023.09.30"]
[SourceQuality "1"]

1. d4 d5 2. c4 c6 3. Nf3 Nf6 4. e3 Bf5 5. Nc3 e6 6. Bd3 Bxd3 7. Qxd3 Nbd7 8. 0-0 Be7 9. e4 dxe4 10. Nxe4 Nxe4 11. Qxe4 0-0 12. Bf4 Qb6 13. Qc2 Bf6 14. Bd6 Rfe8 15. c5 Qd8 16. Ne5 Be7 17. Nc4 Nf6 18. a4 Bxd6 19. Nxd6 Re7 20. Rad1 Ne8 21. Nc4 Rd7 22. Qd2 Qe7 23. b4 Rad8 24. Qb2 f6 25. f4 Qf7 26. Na5 Rd5 27. b5 Qc7 28. b6 axb6 29. cxb6 Qe7 30. Nc4 Qd7 31. a5 Nd6 32. Nxd6 Qxd6 33. Ra1 Rxd4 34. a6 bxa6 35. f5 Qd5 36. Qe2 exf5 37. Rxa6 Rd2 38. Qf3 Qb5 39. Rfa1 h6 40. h3 Qc5+ 41. Kh1 Rb2 42. Qh5 Rxg2 43. Ra8 Rgd2 44. Rxd8+ Rxd8 45. Rg1 Qxb6 46. Qg6 Qa7 47. Qxf5 Qf7 48. Kh2 Rd2+ 49. Kg3 Qb3+ 50. Kh4 Rd4+ 51. Rg4 g5+ 52. Kh5 Qxh3+ 53. Kg6 Qxg4 54. Qa5 Qe4+ 55. Kh5 Qe8+ 0-1

[Event "Pozarevac Rudar 15th"]
[Site "Pozarevac"]
[Date "2023.08.03"]
[Round "1"]
[White "Petrovic, Aleksa"]
[Black "Milosevic, Milos"]
[Result "0-1"]
[WhiteElo "2262"]
[BlackElo "2417"]
[PlyCount "122"]
[EventDate "2023.08.03"]
[EventType "tourn"]
[EventRounds "9"]
[EventCountry "SRB"]
[EventCategory "1"]
[SourceTitle "CBM 215 Extra"]
[Source "ChessBase"]
[SourceDate "2023.09.30"]
[SourceVersion "1"]
[SourceVersionDate "2023.09.30"]
[SourceQuality "1"]

1. Nf3 Nf6 2. g3 g6 3. b3 Bg7 4. Bb2 0-0 5. Bg2 d6 6. d4 b5 7. 0-0 Bb7 8. c4 a6 9. Nc3 bxc4 10. bxc4 Nbd7 11. Rb1 Rb8 12. Re1 Bxf3 13. exf3 c5 14. dxc5 Nxc5 15. Nd5 e5 16. Nxf6+ Bxf6 17. Bc3 Rxb1 18. Qxb1 Na4 19. Ba1 Qa5 20. f4 Nc3 21. Bxc3 Qxc3 22. fxe5 Bxe5 23. Bd5 Bd4 24. Qe4 Kg7 25. Rd1 Bc5 26. Rd3 Qc2 27. Rf3 Qxe4 28. Bxe4 Re8 29. Bd5 Re1+ 30. Kg2 f5 31. Rb3 Re2 32. Rb7+ Kf8 33. Rf7+ Ke8 34. Rxh7 Rxa2 35. Bf7+ Ke7 36. Bxg6+ Kf6 37. Be8 a5 38. h4 a4 39. Rf7+ Ke6 40. h5 Bxf2 41. Kf3 Bd4 42. g4 Rf2+ 43. Kg3 f4+ 44. Kh4 a3 45. Kg5 a2 46. Kg6 d5 47. cxd5+ Kxd5 48. Rf5+ Kd6 49. Ra5 a1Q 50. Rxa1 Bxa1 51. Bb5 f3 52. g5 Rb2 53. Bd3 Rd2 54. Bc4 Kc5 55. Bf1 Rd1 56. Bh3 Rh1 57. Bg4 f2 58. Be2 f1Q 59. Bxf1 Rxf1 60. h6 Kd6 61. Kh7 Rf8 0-1

[Event "Belgrade Radnicki IM 07"]
[Site "Belgrade"]
[Date "2023.08.02"]
[Round "8"]
[White "Mijailovic, Zoran"]
[Black "Petrovic, Aleksa"]
[Result "1/2-1/2"]
[WhiteElo "2322"]
[BlackElo "2311"]
[PlyCount "63"]
[EventDate "2023.07.26"]
[EventType "schev"]
[EventRounds "9"]
[EventCountry "SRB"]
[SourceTitle "CBM 215 Extra"]
[Source "ChessBase"]
[SourceDate "2023.09.30"]
[SourceVersion "1"]
[SourceVersionDate "2023.09.30"]
[SourceQuality "1"]

1. d4 c6 2. c4 Nf6 3. Nf3 d5 4. e3 a6 5. Qc2 g6 6. Bd3 Bg7 7. 0-0 0-0 8. Nbd2 b5 9. cxd5 Nxd5 10. a3 a5 11. Nb3 Qb6 12. e4 Nf6 13. Be3 a4 14. Nc5 Nfd7 15. Nxd7 Nxd7 16. Rac1 Bb7 17. Ne5 Nxe5 18. dxe5 Qa5 19. f4 Rfd8 20. Rfd1 Rd7 21. Qf2 Qd8 22. Bb6 Qe8 23. Qc5 e6 24. Be2 Bf8 25. Qe3 b4 26. Rxd7 Qxd7 27. Rd1 Qe7 28. Rd6 bxa3 29. bxa3 Qe8 30. Rd2 Qe7 31. Rd6 Qe8 32. Rd2 1/2-1/2